Najpopularniejsze numery rapowe/trapowe tygodnia. 04-10.12 - Statystyki

Ogólne statystyki
  • Ten quiz został rozwiązany 12 razy
  • Średni wynik to 9 z 15
Statystyki odpowiedzi
Wykonawca Wyświetlenia Utwór % Poprawnych
Guzior feat. Oskar83 2.58M FALA
92%
Wiatr feat. Sobel, Be Vis 1.39M Testarossa
83%
Guzior 2.81M BLUEBERRY
75%
Wac Toja 760K Kapitan
75%
Pezet feat. Kayah 742K Nisko jest niebo
75%
chillwagon 2.56M jeden jeden
67%
Guzior 735K KUSHKOMA
67%
Kubańczyk 1.32M Lady Pank 2
67%
Kabe 1.58M Nad ranem
67%
Masno 952K OMAMA
58%
Guzior 2.15M TRAPSTAR
58%
Florek feat. Młodypago, Piluś 1.42M Buzi
42%
Słoń 774K X
33%
Syberia Tdw 832K Tango
17%
Kizo 983K Akwen
8%
Nie znaleziono quizów pasujących do podanych kryteriów
Rozkład punktacji
Procent ludzi z każdym wynikiem
Percentyl według liczby udzielonych odpowiedzi
Twoja historia wyników
Nie rozwiązałeś tego quizu